The effect of replacing dried cassava leaves meal on the food digestion and digestive tract of peking duck, (ប្រសិទ្ធភាពនៃការជំនួសម្សៅត្រីដោយម្សៅស្លឹកដំឡូងឈើលើលទ្ធភាពនៃការរំលាយអាហារ និងប្រដាប់រំលាយអាហារ) (Record no. 1784)

000 -LEADER
fixed length control field 00751nam a22001577a 4500
003 - CONTROL NUMBER IDENTIFIER
control field OSt
005 - DATE AND TIME OF LATEST TRANSACTION
control field 20151003133923.0
008 - FIXED-LENGTH DATA ELEMENTS--GENERAL INFORMATION
fixed length control field 151003b xxu||||| |||| 00| 0 eng d
040 ## - CATALOGING SOURCE
Transcribing agency RUA
082 ## - DEWEY DECIMAL CLASSIFICATION NUMBER
Classification number AVM CHU 1996 B073 Or.1
100 ## - MAIN ENTRY--PERSONAL NAME
9 (RLIN) 1891
Personal name CHUON SARY
245 ## - TITLE STATEMENT
Title The effect of replacing dried cassava leaves meal on the food digestion and digestive tract of peking duck, (ប្រសិទ្ធភាពនៃការជំនួសម្សៅត្រីដោយម្សៅស្លឹកដំឡូងឈើលើលទ្ធភាពនៃការរំលាយអាហារ និងប្រដាប់រំលាយអាហារ)
260 ## - PUBLICATION, DISTRIBUTION, ETC. (IMPRINT)
Place of publication, distribution, etc. phnom penh
Name of publisher, distributor, etc. RUA
Date of publication, distribution, etc. 1996
300 ## - PHYSICAL DESCRIPTION
Extent iix, 41p.
Other physical details ill.
Dimensions 29cm.
942 ## - ADDED ENTRY ELEMENTS (KOHA)
Source of classification or shelving scheme
Koha item type AVM
Holdings
Price effective from Date last seen Permanent Location Not for loan Date acquired Source of classification or shelving scheme Koha item type Barcode Lost status Damaged status Withdrawn status Current Location Full call number
2015-10-032015-10-03Library Block B 2015-10-03 AVMRUA015144   Library Block BAVM CHU 1993 B073 Or.1
2015-10-032015-10-03Library Block B 2015-10-03 AVMRUA009277   Library Block BAVM CHU 1993 B073 Or.2
មជ្ឈមណ្ឌលឯការនៃសាកលវិទ្យាល័យភូមិន្ទកសិកម្មចំការដូង

Powered by Koha